| 000 | 00707nam a2200205Ia 4500 | ||
|---|---|---|---|
| 003 | OSt | ||
| 005 | 20230405104803.0 | ||
| 008 | 210423s2009 xx 000 0 und d | ||
| 020 | _a9780415997522 | ||
| 040 | _cAL | ||
| 041 | _aeng | ||
| 082 |
_a158.3 MOZG _223 |
||
| 100 |
_aMOZDZIERZ (Gerald J);others. _983139 |
||
| 245 | _aPrinciples of counseling and psychotherapy: learning the essential domains and nonlinear thinking of master practitioners. | ||
| 260 |
_aNew York _bRoutledge _c2009 |
||
| 300 |
_axxiii,474 _bPB |
||
| 365 |
_b2026 _cINR |
||
| 906 | _acounseling ; domains ; essential ; learning ; master ; nonlinear ; practitioners. ; Principles ; psychotherapy: ; thinking | ||
| 942 |
_2ddc _cBK |
||
| 999 |
_c158697 _d158697 |
||